[Event "Boeblingen op 18th"]
[Site "Boeblingen"]
[Date "2001.12.26"]
[Round "1"]
[White "Haub, Thorsten Michael"]
[Black "Alberts, Albert"]
[Result "1-0"]
[WhiteElo "2376"]
[BlackElo "1871"]
[PlyCount "39"]
[EventDate "2001.12.26"]
[EventType "swiss"]
[EventRounds "9"]
[EventCountry "GER"]
[SourceTitle "EXT 2003"]
[Source "ChessBase"]
[SourceDate "2002.11.25"]
[SourceVersion "1"]
[SourceVersionDate "2002.11.25"]
[SourceQuality "1"]

1. Nf3 d5 2. g3 Nf6 3. Bg2 g6 4. 0-0 Bg7 5. d3 0-0 6. Nbd2 Nc6 7. e4 dxe4 8. dxe4 e5 9. c3 Qe7 10. b4 b6 11. a4 Rd8 12. Qe2 a5 13. b5 Nb8 14. Ba3 Qe8 15. Rfd1 Be6 16. Nxe5 Nd5 17. exd5 Bxd5 18. Bxd5 Rxd5 19. Ndf3 Rxd1+ 20. Rxd1 1-0